The Biggest Cities in Latvia - Statistics

General Stats
  • This quiz has been taken 13 times
  • The average score is 7 of 10
Answer Stats
Population City % Correct
78.112 Daugavpils
100%
591.882 Riga
100%
32.719 Ventspils
90%
67.398 Liepaja
80%
54.821 Jelgava
70%
51.933 Jurmala
70%
22.753 Ogre
60%
21.014 Jekabpils
40%
22.811 Valmiera
40%
26.425 Rezekne
30%
No matching quizzes found
Score Distribution
Percent of People with Each Score
Percentile by Number Answered
Your Score History
You have not taken this quiz